LANGE AFSTAND ROEIKAMPIOENSCHAP VAN DE AMSTEL /

Bibliographic Details
Corporate Author: Polygoon-Profilti
Format: Video
Language:English
Language Notes:In Dutch.
Original language in Dutch.
Published: Netherlands : Polygoon-Profilti, 1943.
Series:Polygoon Hollands Nieuws
Subjects:
Online Access:Connect to this streaming video (Alexander Street Press)

MARC

Tag First Indicator Second Indicator Subfields
LEADER 00000ngm a2200000Mi 4500
001 in00005604366
006 m o c
007 cr |n||||||||a
007 vz |za|z|
008 160329s1943 ne --- e o vneng d
005 20241201234428.5
035 |a (OCoLC)on1347577013 
040 |a VJA  |b eng  |e rda  |c VJA 
035 |a (OCoLC)1347577013 
049 |a TXAM 
245 0 0 |a LANGE AFSTAND ROEIKAMPIOENSCHAP VAN DE AMSTEL /  |c door Polygoon-Profilti. 
264 1 |a Netherlands :  |b Polygoon-Profilti,  |c 1943. 
300 |a 1 online resource. 
336 |a two-dimensional moving image  |b tdi  |2 rdacontent 
337 |a video  |b v  |2 rdamedia 
337 |a computer  |b c  |2 rdamedia 
338 |a other  |b vz  |2 rdacarrier 
338 |a online resource  |b cr  |2 rdacarrier 
347 |a data file  |2 rda 
490 0 |a Polygoon Hollands Nieuws 
546 |a In Dutch. 
546 |a Original language in Dutch. 
500 |a Title from resource description page (viewed March 29, 2016). 
650 4 |a 1940s. 
650 4 |a Boat racing. 
650 4 |a Sports. 
650 4 |a Athletic events. 
655 4 |a Newsreel. 
710 2 |a Polygoon-Profilti. 
856 4 0 |u http://proxy.library.tamu.edu/login?url=https://www.aspresolver.com/aspresolver.asp?MARC;2474559  |z Connect to this streaming video (Alexander Street Press)  |t 0 
955 |a Alexander Street Press subscription streaming video 
994 |a 92  |b TXA 
999 f f |s 5058c7ba-2803-4325-bf73-2a17b4f42116  |i 12ef7677-87e1-4f05-a25f-9dbfbb689992  |t 0 
952 f f |a Texas A&M University  |b College Station  |c Electronic Resources  |d Available Online  |t 0  |h Library of Congress classification 
998 f f |t 0  |l Available Online